| 000 | 00599cab a2200229 4500 | ||
|---|---|---|---|
| 001 | WB3502-18 | ||
| 008 | 090401t1999 xxu||||| |||| 00| 0 eng d | ||
| 035 | _a(Sirsi) u90656 | ||
| 041 | _aeng | ||
| 245 | _aMerger talks | ||
| 260 | _c1999 | ||
| 350 | _a0 | ||
| 490 |
_aDaily Telegraph _v11 January 1999, 27(1) |
||
| 520 | _aSt Quintin and Richard Ellis are currently in merger talks. | ||
| 650 | _aMERGERS | ||
| 650 | _aCBRE | ||
| 650 | _aST QUINTIN | ||
| 650 | _aSURVEYING FIRMS | ||
| 690 | _aMANAGEMENT-BUSINESS MANAGEMENT-PROFESSIONAL PRACTICE | ||
| 942 | _n0 | ||
| 948 | _c12/01/1999 | ||
| 999 |
_c57482 _d57482 |
||